Pays avec l'altitude la plus haute par continent - Statistiques

Statistiques générales
  • Ce quiz a été pris 36 fois
  • Le résultat moyen est 17 sur 34
Statistiques - réponses
Altitude Pays Montagne % Correct
6960 Argentine Aconcagua
79%
5959 Canada Mont Logan
79%
6893 Chili Nevado Ojos del Salado
79%
6190 États-Unis Denali
79%
5675 Mexique Pic d'Orizaba
79%
8849 Népal Everest
76%
6768 Pérou Huascarán
76%
5892 Tanzanie Kilimandjaro
76%
6542 Bolivie Nevado Sajama
72%
8849 Chine Everest
72%
4806 France Mont Blanc
69%
4806 Italie Mont Blanc
66%
5642 Russie Elbrouz
66%
6267 Équateur Chimborazo
59%
4220 Guatemala Tajumulco
59%
5199 Kenya Mont Kenya
59%
4634 Suisse Pointe Dufour
55%
3810 Costa Rica Cerro Chirripó
52%
8611 Pakistan K2
52%
8586 Inde Kangchengjunga
45%
3724 Nouvelle-Zélande Aoraki/Mont Cook
45%
5110 Ouganda Mont Stanley
41%
7570 Bhoutan Gangkhar Puensum
38%
5201 Géorgie Chkhara
38%
5110 Rép. dém. du Congo Mont Stanley
38%
4509 Papouasie-Nouvelle-Guinée Mont Wilhelm
34%
4533 Éthiopie Ras Dashan
24%
4884 Indonésie Puncak Jaya
24%
2335 Îles Salomon Mont Popomanaseu
17%
1850 France (îles Kerguelen) Mont Ross
10%
2241 France (Polynésie française) Mont Orohena
7%
1230 Afrique du Sud (îles du Prince-Édouard) Pic Mascarin
3%
2745 Australie (îles Heard-et-McDonald) Pic Mawson
3%
780 Norvège (île Bouvet) Olavtoppen
3%
Aucun quiz correspondant
Distribution des résultats
% des personnes avec chaque résultat
Percentile par nombre de réponses
Votre historique - résultats
Vous n’avez pas pris ce quiz